Números de 1 a 30 em 15 segundos - Statistics

Estatísticas Gerais
  • Esse quiz foi jogado 1 388 vezes
  • A pontuação média é 23 de 30
Estatísticas das Respostas
Resposta % Correto
1
100%
2
99%
3
98%
4
97%
5
96%
6
96%
7
95%
8
95%
9
94%
10
88%
11
88%
12
87%
13
86%
14
85%
15
83%
16
82%
17
81%
18
79%
19
77%
20
71%
21
70%
22
62%
23
58%
24
53%
25
49%
26
47%
27
44%
28
41%
29
38%
30
34%
Nenhum quiz correspondente encontrado
Distribuição das Pontuações
Porcentagem de Pessoas com Cada Pontuação
Percentil de Números Respondidos
Sua Pontuação Histórica
Você não jogou esse quiz